Villes de Corse par arrondissement - Statistiques

Statistiques générales
  • Ce quiz a été pris 53 fois
  • Le résultat moyen est 11 sur 25
Statistiques - réponses
Ville Population % Correct
Bastia 48 768
93%
Calvi 5 746
90%
Ajaccio 73 822
88%
Corte 7 654
85%
Sartène 3 570
78%
Porto-Vecchio 11 229
75%
Borgo 9 678
73%
Bonifacio 3 200
70%
Furiani 6 032
70%
Biguglia 7 654
65%
L'Île Rousse 3 220
63%
Propriano 3 741
58%
Lucciana 6 091
43%
Ghisonaccia 3 737
35%
Bastelicaccia 4 251
33%
Afa 3 336
25%
Calenzana 2 566
20%
Alata 3 547
18%
Zonza 2 748
15%
Penta-di-Casinca 3 376
13%
Oletta 1 801
10%
Vescovato 3 212
10%
Monticello 2 029
8%
Prunelli-di-Fiumorbo 4 248
5%
Grosseto-Prugna 3 349
3%
Aucun quiz correspondant
Distribution des résultats
% des personnes avec chaque résultat
Percentile par nombre de réponses
Votre historique - résultats
Vous n’avez pas pris ce quiz